Electronic document and management for CSEC / (Record no. 171112)

MARC details
000 -LEADER
fixed length control field 00953nam a22002777a 4500
003 - CONTROL NUMBER IDENTIFIER
control field OSt
005 - DATE AND TIME OF LATEST TRANSACTION
control field 20250117134131.0
008 - FIXED-LENGTH DATA ELEMENTS--GENERAL INFORMATION
fixed length control field 241204b |||||||| |||| 00| 0 eng d
020 ## - INTERNATIONAL STANDARD BOOK NUMBER
International Standard Book Number 9781408516133 (paperback)
040 ## - CATALOGING SOURCE
Original cataloging agency NUST
Language of cataloging eng
Transcribing agency NUST
Modifying agency NUST
Description conventions rda
050 ## - LIBRARY OF CONGRESS CALL NUMBER
Classification number HF 5738 JAC
100 ## - MAIN ENTRY--PERSONAL NAME
Personal name Jacob, Ann Margaret
Relator term Author
245 ## - TITLE STATEMENT
Title Electronic document and management for CSEC /
Statement of responsibility, etc. Ann Margaret Jacob
250 ## - EDITION STATEMENT
Edition statement Second edition.
260 ## - PUBLICATION, DISTRIBUTION, ETC.
Place of publication, distribution, etc. Oxford :
Name of publisher, distributor, etc. Oxford University Press,
Date of publication, distribution, etc. 2012.
300 ## - PHYSICAL DESCRIPTION
Extent 284 pages :
Other physical details Illustrations ;
Dimensions 27 cm.
336 ## - CONTENT TYPE
Source rdamedia
Content type term text
Content type code txt
337 ## - MEDIA TYPE
Source rdamedia
Media type term unmediated
Media type code n
338 ## - CARRIER TYPE
Source rdamedia
Carrier type term volume
Carrier type code nc
504 ## - BIBLIOGRAPHY, ETC. NOTE
Bibliography, etc. note Includes index.
650 ## - SUBJECT ADDED ENTRY--TOPICAL TERM
Form subdivision Data processing -- Management.
650 ## - SUBJECT ADDED ENTRY--TOPICAL TERM
Form subdivision Electronic records -- Management.
650 ## - SUBJECT ADDED ENTRY--TOPICAL TERM
Form subdivision Text processing (Computer science)
700 ## - ADDED ENTRY--PERSONAL NAME
Personal name Augustine, Agatha
Relator term Author
942 ## - ADDED ENTRY ELEMENTS (KOHA)
Source of classification or shelving scheme Library of Congress Classification
Koha item type Ordinary Loan Books
Edition 2nd edition.
Classification part HF 5738 JAC
Call number prefix HF
Call number suffix JAC
Suppress in OPAC No
Holdings
Withdrawn status Lost status Source of classification or shelving scheme Damaged status Not for loan Collection Home library Current library Shelving location Date acquired Source of acquisition Cost, normal purchase price Total Checkouts Full call number Barcode Date last seen Accession number Cost, replacement price Price effective from Koha item type Public note
    LCC     NFIC MAIN MAIN GEN 12/04/2024 Book Aid International 20.00   HF 5738 JAC 92004055390 12/04/2024 61348 20.00 12/04/2024 BOOKS Donation